| 000 | 00469nam a2200181Ia 4500 | ||
|---|---|---|---|
| 008 | 180424s9999 xx 000 0 und d | ||
| 020 | _a8120308166 | ||
| 084 | _a510.78 B91 | ||
| 100 | _a"Brenner, Robert C" | ||
| 245 | 0 | _aIBM PC Advanced Trouble Shooting and Repair | |
| 250 | _a\\199300ENGGPCX | ||
| 260 | _aPhi Learning Pvt Ltd | ||
| 260 | _b1993 | ||
| 260 | _cNew Delhi | ||
| 300 | _axiii+2895p | ||
| 500 | _aincludes index and biblioraphy | ||
| 942 | _cBK | ||
| 999 |
_c68840 _d68840 |
||